000 00384pab a2200145 454500
008 180718b1996 xxu||||| |||| 00| 0 eng d
100 _aRemington, Francoise
245 _aChild labour: a global crisis without a global response
260 _c1996
300 _ap.3354-355
362 _a28 Dec
650 _aChild labour
773 _aEconomic and Political Weekly
909 _a33259
999 _c33259
_d33259